000 00265nam a2200121Ia 4500
008 190216s9999||||xx |||||||||||||| ||und||
100 _aDr.Chandralekha
245 0 _aHindi-Samvad
260 _bNeeraj Books
_c2006
300 _a120
650 _aHindi
942 _cBK
999 _c16711
_d16711